Poems (Record no. 1072)
[ view plain ]
| 000 -LEADER | |
|---|---|
| fixed length control field | 00344nam a2200121 4500 |
| 082 ## - DEWEY DECIMAL CLASSIFICATION NUMBER | |
| Classification number | 821.7 |
| Item number | WOR/WAY |
| 100 ## - MAIN ENTRY--PERSONAL NAME | |
| Personal name | Wordsworth, William |
| 245 ## - TITLE STATEMENT | |
| Title | Poems |
| Statement of responsibility, etc. | William Wordsworth ; edited with an introductionby Philip Wayne |
| 260 ## - PUBLICATION, DISTRIBUTION, ETC. | |
| Place of publication, distribution, etc. | London |
| Name of publisher, distributor, etc. | Dent |
| Date of publication, distribution, etc. | 1907 |
| 300 ## - PHYSICAL DESCRIPTION | |
| Extent | 3v.; 18cm.- |
| 490 ## - SERIES STATEMENT | |
| Series statement | Everyman's library; 203,311 |
| 710 ## - ADDED ENTRY--CORPORATE NAME | |
| Corporate name or jurisdiction name as entry element | Wayne, Philip |
| Withdrawn status | Lost status | Damaged status | Not for loan | Collection code | Home library | Current library | Date acquired | Total Checkouts | Full call number | Barcode | Date last seen | Price effective from | Koha item type | Copy number |
|---|---|---|---|---|---|---|---|---|---|---|---|---|---|---|
| ENGLISH | North Eastern Hill University | North Eastern Hill University | 18/11/2011 | 821.7 WOR/WAY | A33L 79 | 18/11/2011 | 18/11/2011 | Books | ||||||
| ENGLISH | North Eastern Hill University | North Eastern Hill University | 18/11/2011 | 821.7 WOR/WAY | A553 | 18/11/2011 | 18/11/2011 | Books | ;1 |
